[Event "SVK-ch U14"]
[Site "Stara Lubovna"]
[Date "2022.05.26"]
[Round "7"]
[White "Kakus, Oliver"]
[Black "Otahal, Kristian"]
[Result "0-1"]
[WhiteElo "1000"]
[BlackElo "1000"]
[PlyCount "92"]
[EventDate "2022.05.21"]
[EventType "swiss"]
[EventRounds "9"]
[EventCountry "SVK"]
[SourceTitle "CBM 208 Extra"]
[Source "ChessBase"]
[SourceDate "2022.07.31"]
[SourceVersion "1"]
[SourceVersionDate "2022.07.31"]
[SourceQuality "1"]

1. d4 Nf6 2. Nf3 d5 3. e3 Bf5 4. Bd3 Bxd3 5. Qxd3 e6 6. 0-0 Be7 7. Nbd2 0-0 8. b3 c5 9. Bb2 Nc6 10. dxc5 Bxc5 11. Bxf6 Qxf6 12. Rae1 Rad8 13. h3 Rfe8 14. e4 dxe4 15. Nxe4 Rxd3 16. Nxf6+ gxf6 17. cxd3 Nb4 18. Rc1 Nxd3 19. Rc2 Rc8 20. Rfc1 Nxc1 21. Rxc1 Bxf2+ 22. Kxf2 Rxc1 23. Nd2 Rc2 24. Ke2 Rxa2 25. g4 f5 26. g5 Kg7 27. h4 h6 28. Ke3 Rxd2 29. Kxd2 hxg5 30. hxg5 Kg6 31. Kc3 Kxg5 32. Kc4 f4 33. Kd3 Kg4 34. Ke2 Kg3 35. b4 f3+ 36. Kf1 f2 37. b5 b6 38. Ke2 Kg2 39. Ke3 f1Q 40. Ke4 Qf3+ 41. Ke5 Qf5+ 42. Kd6 Qd5+ 43. Ke7 Qg5+ 44. Kxf7 Qxb5 45. Kxe6 Qc5 46. Kd7 Kg3 0-1

[Event "SVK-ch U14"]
[Site "Stara Lubovna"]
[Date "2022.05.22"]
[Round "2"]
[White "Hasala, Richard"]
[Black "Kakus, Oliver"]
[Result "1-0"]
[WhiteElo "1318"]
[BlackElo "1000"]
[PlyCount "79"]
[EventDate "2022.05.21"]
[EventType "swiss"]
[EventRounds "9"]
[EventCountry "SVK"]
[SourceTitle "CBM 208 Extra"]
[Source "ChessBase"]
[SourceDate "2022.07.31"]
[SourceVersion "1"]
[SourceVersionDate "2022.07.31"]
[SourceQuality "1"]

1. e4 d6 2. d4 e5 3. dxe5 dxe5 4. Qxd8+ Kxd8 5. Nf3 Nc6 6. Bb5 Bg4 7. Bxc6 bxc6 8. Nxe5 Be6 9. Nxc6+ Kd7 10. Nd4 Bb4+ 11. c3 Ba5 12. 0-0 Bb6 13. Rd1 Bxd4 14. cxd4 Rd8 15. Nc3 Nf6 16. Bg5 h6 17. Bh4 g5 18. Bg3 Bg4 19. f3 Bh5 20. Be5 Ke6 21. Nd5 g4 22. Bxf6 Rxd5 23. Bxh8 Rg5 24. f4 Rg8 25. f5+ Kd6 26. Be5+ Ke7 27. Rac1 c6 28. Rxc6 g3 29. Rc7+ Kf8 30. Rc8+ Ke7 31. Rxg8 Bxd1 32. f6+ Ke6 33. Re8+ Kd7 34. Re7+ Kd8 35. Rxf7 Ke8 36. Rxa7 Ba4 37. f7+ Kd8 38. f8Q+ Be8 39. Bf6+ Kc8 40. Qxe8# 1-0